Best Arkansas Razorbacks Ever - Statistics

General Stats
  • This quiz has been taken 28 times
  • The average score is 5 of 15
Answer Stats
Team Position All Time Ranking Answer % Correct
Raiders RB 1685th Darren McFadden
85%
Lions C 3661st Frank Ragnow
62%
Chargers TE 2850th Hunter Henry
54%
Browns RB 1975th Peyton Hillis
46%
Eagles OT 327th Jason Peters
42%
Chargers WR 38th Lance Alworth
35%
Cowboys RB 5226th Felix Jones
27%
49ers LB 11858th Dre Greenlaw
23%
Broncos S 208th Steve Atwater
23%
Lions DE 5408th Trey Flowers
23%
Patriots DE 10814th Deatrich Wise
15%
Football Team TE 16011th Jeremy Sprinkle
15%
Commanders S 6731st Kamren Curl
15%
Steelers RB 2962nd Barry Foster
4%
Falcons OL 1283rd RC Thielemann
0%
No matching quizzes found
Score Distribution
Percent of People with Each Score
Percentile by Number Answered
Your Score History
You have not taken this quiz